000 00828nam a2200301Ia 4500
001 33845
003 IT-RoPAU
008 130308s9999 xx 000 0 und d
040 _aIT-RoPAU
040 _cIT-RoPAU
041 _aINGLESE
100 _aHolme Christopher
100 _gCodice Aut. SPICS: 14940
245 _aRadio Drama of Louis Macneice (The)
245 _bBritish Radio Drama
250 _a1a ed.
260 _aCAMBRIDGE
260 _bCambridge University Press
260 _c1981 [1° Ed.:1981 - Ed.Ling.Originale:1981]
300 _a"35 p. (prefazione: no ; testo: 35 [pagine: 37-71])"
500 _aRadiodrammi di Louis Macneice Tabella dei Radiodrammi
650 _aGENERI RADIOFONICI
650 _eCodice materia Spics: 6910
942 _cBK
957 _71
999 _c56847
_d56847
999 _bSI
999 _g1